00859nam a2200205 a 450000100100000000500170001000800410002702000180006804000250008624500770011126000450018830000370023350000420027070000280031270000450034070000350038595201050042095201110052599900170063600004044320240305124848.0130826s2008 dr ac 000 0 spa d a9789945007022 aDO-SdBNPbspacBNPHU00aEridania Mir :bla esencia de una creadora /cEridania Mir... [et. al.]. aSanto Domingo :bAmigo del Hogar,c2008. a139 p. :bils., retrs. ;c32 cm. aIncluye notas al pie de las páginas1 aCarrasco, Lilian9667431 aSantos, Danilo de los,d1943-20189102781 aGuerrero, Myrna,d1951-959874 0010718PDaPDbPDcCTd2013-08-26iLF1l0o p40443-10r2020-06-25w2020-06-25yLFPDZNo se presta 0010718PDaPDbPDcCTd2013-08-26iLF1l0o p40443-20r2020-06-25te. 2w2020-06-25yLFPDZNo se presta c39933d39933